000
00295nam a22001337a 4500
008
170204b xxu||||| |||| 00| 0 eng d
020
_a
0910701415
041
_a
eng
080
_2
3RD
_a
61
100
_a
3
101
_a
SHM
245
_a
HEALTH SERVICES MANAGEMENT
_c
KOVNER, A.R
942
_2
udc
_c
BK
999
_c
4646
_d
4646